Statistics for Green Day - Shenanigans Songs

Click here to take the quiz!

General Stats

  • This quiz has been taken 7 times
  • The average score is 9 of 15

Answer Stats

ListensSong% Correct
4,924,614Ha Ha You're Dead
80%
4,820,498Scumbag
80%
2,254,012Desensitized
60%
1,776,672Do Da Da
60%
2,005,493Don't Wanna Fall In Love
60%
2,463,633Espionage
60%
1,440,014I Want To Be On T.V.
60%
1,597,076On The Wagon
60%
2,131,429Outsider
60%
1,579,902Rotting
60%
1,624,196Sick Of Me
60%
2,576,241Suffocate
60%
1,813,776Tired Of Waiting For You
60%
2,291,689You Lied
60%
Never ReleasedD.U.I.
40%

Score Distribution

Percentile by Number Answered

Percent of People with Each Score

Your Score History

You have not taken this quiz